| 000 | 00443nam a2200157Ia 4500 | ||
|---|---|---|---|
| 008 | 230312s9999||||xx |||||||||||||| ||und|| | ||
| 020 | _a81-7245-252-7 | ||
| 082 |
_a338.122 _bANA |
||
| 100 | _aAnand Ganguly | ||
| 245 | 0 | _a303 Letters for All Occasions | |
| 260 |
_bGoodwill Publishing House _aNew Delhi |
||
| 300 | _a319 | ||
| 546 | _aEng. | ||
| 650 |
_aManagement _vPlacing an Order , Reply to the Previous letter |
||
| 942 | _cBK | ||
| 999 |
_c1985 _d1985 |
||